000 00316nam a2200121Ia 4500
008 191201s2003 xx 000 0 und d
100 _aRATHORE, Mahesh M
245 2 _aA B C of Mechanical Engineering
260 _aNew Delhi
_bDhanpat Rai Pub (P) Ltd
_c2003
300 _a313
650 _aB.Tech(ME)
942 _2ddc
_cBK
999 _c1994
_d1994